الجغرافية في القرن العشرين : (Record no. 14384)
[ view plain ]
| 000 -الفاتح | |
|---|---|
| حقل البيانات ثابتة الطول | 02191nam a2200313 i 4500 |
| 003 - محدد رقم الضبط | |
| رقم الضبط | EG-ScBUE |
| 005 - وقت وتاريخ اخر تعامل مع التسجيلة | |
| رقم الضبط | 20231112123049.0 |
| 008 - عناصر البيانات ثابتة الطول - معلومات عامة | |
| حقل البيانات ثابتة الطول | 100704s1974 u ab af b 001 0 ara d |
| 017 ## - رقم الإيداع القانونى | |
| رقم الإيداع القانونى | 1974 / 5573 |
| 040 ## - مصدر الفهرسة | |
| وكالة الفهرسة الأصلية | EG-ScBUE |
| لغة الفهرسة | ara |
| قواعد الوصف | rda |
| وكالة النسخ | EG-ScBUE |
| وكالة التعديل | EG-ScBUE |
| 082 04 - رقم تصنيف ديوى العشرى | |
| رقم الطبعة | 22 |
| رقم التصنيف | 910.9 |
| رقم المادة | ج غ ر |
| 245 02 - بيان العنوان | |
| العنوان | الجغرافية في القرن العشرين : |
| بقية العنوان | دراسة لتقدمها وأساليبها وأهدافها واتجاهاتها. |
| رقم الجزء/قسم العمل | الجزء الأول / |
| بيان المسئوليه,etc | ترجمة الدكتور محمد السي غلاب، أستاذ كرسي الجغرافيا والإنثروبولوجيا، عميد معهد الدراسات الإفريقية، جامعة القاهرة، محمد مرسي أبو الليل، كبير مفتشي المواد الاجتماعية بوزارة التربية والتعليم سابقا ؛ مراجعة الدكتور إبراهيم أحمد رزقانه، أستاذ كرسي الجغرافيا التاريخية بجامعة القاهرة والرياض.. |
| 264 #1 - النشر، التوزيع | |
| مكان الناشر او الموزع | القاهرة : |
| اسم الناشر او الموزع | الهيئة المصرية العامة للكتاب، |
| تاريخ النشر أو التوزيع | 1974. |
| 300 ## - الوصف المادى | |
| التعداد | 479 صفحة : |
| تفاصيل ماديه اخرى للوعاء | إيضاحيات، خرائط ؛ |
| أبعاد الوعاء | 24 سم. |
| 336 ## - نوع المحتوى | |
| source | rdacontent |
| Carrier Type Term | نص |
| Content Type Code | txt |
| 337 ## - نوع الوسيط | |
| Media Type Term | بدون وسيط |
| source | rdamedia |
| Media Type Code | n |
| 338 ## - نوع الحامل أو الناقل | |
| Carrier Type Term | مجلد |
| Carrier Type Code | nc |
| source | rdacarrier |
| 490 0# - بيان السلسلة | |
| عنوان السلسلة | المكتبة العربية ؛ |
| رقم المجلد/ التعيين التسلسلي | 152 |
| 500 ## - تبصرة عامة | |
| تبصرة عامة | مترجم عن الطبعة الثالثة الموسعة عام 1957 التي أعيد طبعها عامي 1960، 1962 (الطبعة الأولي 1950 والثانية 1953) Geograhy in the Twentieth Century Edited by Griffith Taylor. |
| 504 ## - تبصرة ببليوجرافية | |
| تبصرة ببليوجرافية,الخ | يشتمل علي إرجاعات ببليوجرافية وكشافات. |
| 541 ## - تبصرة المصدر المباشر للتزويد | |
| مصدر التزويد | ألف باء ؛ |
| طريقة التزويد | شراء ؛ |
| 546 ## - تبصرة اللغة | |
| تبصرة اللغة | النص باللغة العربية وتم ترجمته من لغة غير معروفة. |
| 650 #7 - المدخل الاضافى بالموضوع-مصطلح موضوعى | |
| 9 (RLIN) | 16195 |
| مصطلح موضوعي أو اسم جغرافي كعنصر مدخل | الجغرافيا |
| التقسيم الفرعي العام | تاريخ |
| التقسيم الفرعي الزمني | قرن 20. |
| مصدر الرأس أو المصطلح | BUEsh |
| 655 ## - مصطلح تكشيفى-نوع/شكل | |
| التقسيم الفرعي الشكلي | Reading book |
| 700 1# - المدخل الاضافى - اسم شخصى | |
| 9 (RLIN) | 15934 |
| الإسم الشخصى | غلاب، محمد السيد، |
| الدور | مترجم. |
| 700 1# - المدخل الاضافى - اسم شخصى | |
| 9 (RLIN) | 15935 |
| الإسم الشخصى | أبو الليل، محمد مرسي، |
| الدور | مترجم. |
| 700 1# - المدخل الاضافى - اسم شخصى | |
| 9 (RLIN) | 15936 |
| الإسم الشخصى | رزقانه، ابراهيم أحمد، |
| الدور | مراجع. |
| 942 ## - عناصر المدخل الإضافي( كوها) | |
| مصدر التصنيف او مخطط الترفيف | Dewey Decimal Classification |
| Koha [default] item type | Book - Borrowing |
| حالة التراجع | حالة الفقد | مصدر التصنيف او خطة الترفيف | حالة تلف | ليس للاعارة | مجموعات كوها | المكان الدائم | المكان الحالي | موقع الترفيف | تاريخ الاكتساب | Source of acquisition | رقم الاستدعاء | الباركود | Date last seen | نوع الوعاء |
|---|---|---|---|---|---|---|---|---|---|---|---|---|---|---|
| Dewey Decimal Classification | Alef-Baa | Central Library | Central Library | Second Floor | 06/07/2010 | Purchase | 910.9 ج غ ر | 000021337 | 15/07/2025 | Book - Borrowing |